000 00616nam a2200193Ia 4500
005 20250508163337.0
008 008 250505s9999 xx 000 0 eng d
037 _aTheses
040 _aFEDL
_beng
_cFEDL
041 _aeng
_2eng
084 _a370, NAI/TH
_qFEDL
100 _aNaiyar Alam
_9775170
245 0 _aInvestigation into the pattern of relationship between pupil's space concept maturity and their achievement of geometrical concepts
260 _c1986
300 _axxii,321p.
546 _aPH.D Thesis (Jamia Millia Islamia)
942 _cTH
_h370, NAI/TH
999 _c1382447
_d1382447